| 000 | 00000nam##2200000za#4500 |
| 001 | 9.642017 |
| 003 | CaOODSP |
| 005 | 20210624223506 |
| 007 | cr ||||||||||| |
| 008 | 150407|2008||||xxc|||||o f|0| 0 fre|d |
| 040 | |aCaOODSP|bfre |
| 043 | |an-cn--- |
| 086 | 1 |aEn4-224/2008F-PDF |
| 110 | 1 |aCanada. |bEnvironnement Canada. |
| 245 | 10|aVérification de la divulgation proactive des contrats de plus de 10 000 $ |h[ressource électronique] |
| 260 | |aGatineau - Québec : |bEnvironnement Canada |cFévrier 2008. |
| 300 | |a13p.|bfigure |
| 590 | |a13-14-Supp|b2013-05-30 |
| 775 | 08|tAudit of the proactive disclosure of contracts over $10,000 |w(CaOODSP)9.698017 |
| 856 | 40|ahttp://publications.gc.ca|qPDF|s79 Ko|uhttps://publications.gc.ca/collections/collection_2013/ec/En4-224-2008-fra.pdf |